000
00317nam a22001217a 4500
999
_c
17716
_d
17716
008
190531b xxu||||| |||| 00| 0 eng d
020
_a
030432891x
050
_a
LC71
_b
.P65 1997 c.1
245
_a
Power and Responsibility in Education
260
_a
London
_b
Cassell
_c
1997
300
_a
xxvi, 342p.
942
_2
lcc
_c
BK